[Event "Elit(Rockaden, Sthlm-Vasteras)"]
[Site "?"]
[Date "2023.01.21"]
[Round "4"]
[White "Barkhagen, Jonas"]
[Black "Jonsson, Mikael"]
[Result "1-0"]
[WhiteElo "2423"]
[BlackElo "2198"]
[PlyCount "63"]
[SourceVersionDate "2023.02.03"]

1. d4 d5 2. c4 c6 3. Nf3 Nf6 4. Nc3 dxc4 5. a4 Bf5 6. Ne5 Nbd7 7. Nxc4 Qc7 8.
g3 e5 9. dxe5 Nxe5 10. Bf4 Nfd7 11. Bg2 Be6 12. Nxe5 Nxe5 13. Qd4 f6 14. O-O
Qa5 15. Rfb1 Bb4 16. Na2 Bc5 17. Qe4 Bd5 18. Qf5 g6 19. Qxf6 Bxf2+ 20. Kf1
Bxg2+ 21. Kxg2 Qd5+ 22. e4 Qxe4+ 23. Kh3 Nd3 24. Qxh8+ Kd7 25. Qxh7+ Ke6 26.
Qh4 Rh8 27. Bh6 Rxh6 28. Qxh6 Be3 29. Qf8 Nf2+ 30. Qxf2 Bxf2 31. Rf1 Qe2 32.
Nb4 1-0

[Event "Elit(Farsta-Wasa)"]
[Site "?"]
[Date "2023.01.21"]
[Round "4"]
[White "Hjelm, Niclas"]
[Black "Bellon Lopez, Juan"]
[Result "1/2-1/2"]
[WhiteElo "2298"]
[BlackElo "2314"]
[PlyCount "127"]
[SourceVersionDate "2023.02.08"]

1. d4 Nf6 2. c4 c5 3. d5 b5 4. cxb5 a6 5. bxa6 Bxa6 6. Nc3 d6 7. Nf3 g6 8. e4
Bxf1 9. Kxf1 Bg7 10. g3 O-O 11. Kg2 Nbd7 12. Re1 Qb6 13. Re2 Rfb8 14. Bf4 Qa6
15. Rc1 Ng4 16. b3 Rb4 17. h3 Nge5 18. Bxe5 Nxe5 19. Nxe5 Bxe5 20. Rcc2 c4 21.
bxc4 Rxc4 22. Nb1 Qa4 23. Qd3 Rac8 24. Rxc4 Rxc4 25. f4 Bd4 26. e5 dxe5 27.
fxe5 Qb5 28. d6 exd6 29. exd6 Qd5+ 30. Qf3 Qxd6 31. Nd2 Rc2 32. Ne4 Qc6 33. Kh2
Kg7 34. Rxc2 Qxc2+ 35. Qg2 Qd1 36. h4 Be5 37. Nf2 Qd4 38. Kh3 h5 39. Qe4 Qa1
40. Kg2 Bd4 41. Qe2 Qc1 42. Nh3 Qb1 43. Nf2 Qb7+ 44. Kh2 Qd5 45. Ne4 Qe6 46.
Qg2 f6 47. a4 Qa6 48. Qc2 Qf1 49. Qc7+ Kh6 50. Qf4+ Qxf4 51. gxf4 Bb6 52. Nxf6
Bd8 53. Ne4 Bxh4 54. a5 Bd8 55. a6 Bb6 56. Kg3 Kg7 57. Nd6 Kf6 58. Kf3 Ke6 59.
Nc8 Bc5 60. a7 Bxa7 61. Nxa7 g5 62. fxg5 Kf5 63. Kg3 Kxg5 64. Kh3 1/2-1/2

[Event "Elit(Rockaden, Sthlm-Vasteras)"]
[Site "?"]
[Date "2023.01.21"]
[Round "4"]
[White "Janse, Love"]
[Black "Berovski, Krum"]
[Result "1-0"]
[WhiteElo "2200"]
[BlackElo "2351"]
[PlyCount "85"]
[SourceVersionDate "2023.02.03"]

1. e4 e6 2. d3 d5 3. Qe2 Be7 4. Nf3 Nf6 5. g3 O-O 6. Bg2 c5 7. O-O Nc6 8. e5
Nd7 9. c4 d4 10. h4 a6 11. Bf4 h6 12. h5 Qc7 13. Nbd2 b5 14. b3 bxc4 15. bxc4
Rb8 16. Ne4 Ncxe5 17. Nxe5 Nxe5 18. Nxc5 Qxc5 19. Qxe5 Rb4 20. Qxc5 Bxc5 21.
Rfb1 Rxb1+ 22. Rxb1 e5 23. Bxe5 Bf5 24. Be4 Bxe4 25. dxe4 d3 26. Kf1 d2 27. Ke2
Rd8 28. f3 Bb4 29. Kd1 a5 30. Rb3 Rc8 31. a3 Be7 32. Rc3 Rc5 33. Bd4 Rxh5 34.
c5 Bd8 35. c6 Bc7 36. e5 Kf8 37. Kxd2 Ke8 38. f4 a4 39. Kd3 Rh1 40. Rc4 Rh3 41.
Rxa4 Rxg3+ 42. Kc4 Rg4 43. Kd5 1-0

[Event "Elit(Farsta-Wasa)"]
[Site "?"]
[Date "2023.01.21"]
[Round "4"]
[White "Cramling, Dan"]
[Black "Jaderberg, Bjorn"]
[Result "1/2-1/2"]
[WhiteElo "2293"]
[BlackElo "2136"]
[PlyCount "43"]
[SourceVersionDate "2023.02.08"]

1. c4 d6 2. d4 g6 3. Nc3 Bg7 4. e4 e5 5. d5 f5 6. exf5 Bxf5 7. g4 Bd7 8. Bd3
Na6 9. h3 Qe7 10. Ne4 Nc5 11. Bg5 Nf6 12. Ne2 Ncxe4 13. Bxe4 Qf8 14. Ng3 Bh6
15. Bxh6 Qxh6 16. Qd2 Qf4 17. O-O-O O-O 18. Rhe1 Qxd2+ 19. Rxd2 b6 20. Bg2 a5
21. b3 Kg7 22. Kb2 1/2-1/2

[Event "Elit(Rockaden, Sthlm-Vasteras)"]
[Site "?"]
[Date "2023.01.21"]
[Round "4"]
[White "Trost, Edvin"]
[Black "Magnusson, Karl"]
[Result "1-0"]
[WhiteElo "2369"]
[BlackElo "2149"]
[PlyCount "53"]
[SourceVersionDate "2023.02.03"]

1. d4 Nf6 2. c4 c5 3. d5 b5 4. cxb5 a6 5. bxa6 g6 6. Nc3 Bxa6 7. e4 Bxf1 8.
Kxf1 d6 9. Nf3 Nbd7 10. g3 Bg7 11. Kg2 O-O 12. Qe2 Nb6 13. a4 Nfd7 14. h4 Ra7
15. h5 Qa8 16. hxg6 hxg6 17. Bh6 Nxa4 18. Bxg7 Kxg7 19. Qe3 f6 20. Qh6+ Kf7 21.
Qh7+ Ke8 22. Qxg6+ Kd8 23. Ne2 Ne5 24. Qg7 Kd7 25. Nxe5+ fxe5 26. b3 Rg8 27.
Qf7 1-0

[Event "Elit(Farsta-Wasa)"]
[Site "?"]
[Date "2023.01.21"]
[Round "4"]
[White "Stavenberg, Karl"]
[Black "Ostlund, Joar"]
[Result "0-1"]
[WhiteElo "2122"]
[BlackElo "2234"]
[PlyCount "62"]
[SourceVersionDate "2023.02.08"]

1. d4 d5 2. c4 e6 3. Nc3 Nf6 4. cxd5 exd5 5. Bg5 c6 6. Qc2 h6 7. Bh4 Be7 8. e3
O-O 9. Bd3 Re8 10. Nf3 Ne4 11. Bxe7 Qxe7 12. O-O Bf5 13. Rab1 Nd7 14. b4 a6 15.
a4 Nxc3 16. Qxc3 Bxd3 17. Qxd3 Nb6 18. b5 cxb5 19. axb5 a5 20. Nd2 Rec8 21. Nb3
Nc4 22. b6 Rc6 23. Nc5 Nxb6 24. Rb5 a4 25. Ra1 Nc4 26. Rxb7 Qe8 27. Qf5 Nd6 28.
Qxd5 Nxb7 29. Nxb7 Qe6 30. Qxe6 fxe6 31. Nc5 a3 0-1

[Event "Elit(Stockholms SS-Kungstornet)"]
[Site "?"]
[Date "2023.01.21"]
[Round "4"]
[White "Cicak, Slavko"]
[Black "Lokander, Martin"]
[Result "1/2-1/2"]
[WhiteElo "2485"]
[BlackElo "2443"]
[PlyCount "22"]
[SourceVersionDate "2023.02.08"]

1. Nf3 d5 2. e3 Nf6 3. b3 e6 4. Bb2 Be7 5. c4 O-O 6. Be2 b6 7. O-O Bb7 8. cxd5
Nxd5 9. a3 c5 10. d3 Bf6 11. Qc2 Nd7 1/2-1/2

[Event "Elit(Stockholms SS-Kungstornet)"]
[Site "?"]
[Date "2023.01.21"]
[Round "4"]
[White "Hauge, Lars Oskar"]
[Black "Lyrberg, Patrik"]
[Result "1/2-1/2"]
[WhiteElo "2512"]
[BlackElo "2447"]
[PlyCount "81"]
[SourceVersionDate "2023.02.08"]

1. e4 c5 2. Nf3 d6 3. d4 cxd4 4. Nxd4 Nc6 5. c4 g6 6. Nc3 Bg7 7. Be3 Nf6 8. Be2
O-O 9. O-O Nxd4 10. Bxd4 Bd7 11. Qc2 Qa5 12. Rad1 Bc6 13. Qb1 a6 14. b4 Qc7 15.
Qb2 e5 16. Be3 Nxe4 17. Nd5 Bxd5 18. Rxd5 f5 19. Rfd1 f4 20. Bc1 Rad8 21. c5
dxc5 22. Qc2 Rxd5 23. Rxd5 Nf6 24. Rxc5 Qb6 25. Qc4+ Kh8 26. Rxe5 Ng4 27. Rc5
Ne5 28. Qe4 Nc6 29. Rc4 Nd4 30. Bf1 Qd6 31. Bb2 Nc6 32. Bxg7+ Kxg7 33. a4 Rf5
34. Qc2 Rd5 35. Qc3+ Kh6 36. h4 Rd4 37. b5 axb5 38. axb5 Rxc4 39. Qxc4 Nd4 40.
Qf7 b6 41. h5 1/2-1/2

[Event "Elit(Limhamn-Helsingborg)"]
[Site "?"]
[Date "2023.01.21"]
[Round "4"]
[White "Kristensen, Kaare Hove"]
[Black "Hector, Jonny"]
[Result "0-1"]
[WhiteElo "2218"]
[BlackElo "2446"]
[PlyCount "156"]
[EventDate "2023.??.??"]
[SourceVersionDate "2023.02.03"]

1. d4 d5 2. c4 c6 3. cxd5 cxd5 4. Nc3 Nc6 5. Bf4 e5 6. Bxe5 Nxe5 7. dxe5 d4 8.
Ne4 Qa5+ 9. Nd2 Nh6 10. Ngf3 Nf5 11. a3 Be6 12. b4 Qd5 13. Qa4+ Bd7 14. Qb3 Bc6
15. Qxd5 Bxd5 16. e4 dxe3 17. Bb5+ Ke7 18. fxe3 Nxe3 19. Kf2 a6 20. Bd3 Ng4+
21. Kg3 h5 22. Be4 Rd8 23. Rac1 Be6 24. Rc7+ Ke8 25. Rxb7 Be7 26. h4 Nxe5 27.
Nxe5 Rxd2 28. Rb8+ Rd8 29. Bc6+ Kf8 30. Nd7+ Kg8 31. Rxd8+ Bxd8 32. Nc5 Bc7+
33. Kf3 Bg4+ 34. Ke4 Rh6 35. Bd7 Bxd7 36. Nxd7 Re6+ 37. Kf3 Rd6 38. Nc5 a5 39.
b5 Rd5 40. Na6 Bb6 41. a4 Rd4 42. Nb8 Rxa4 43. Nd7 Bd8 44. Re1 Bxh4 45. Re8+
Kh7 46. b6 Rb4 47. Re5 Rb3+ 48. Ke4 Bf2 49. Rxh5+ Kg8 50. Rxa5 Bxb6 51. Ra8+
Kh7 52. Rb8 Re3+ 53. Kf4 Ba7 54. Rb7 Ra3 55. Ne5 f6 56. Nf3 Kh6 57. g4 Bf2 58.
Rb4 g5+ 59. Nxg5 fxg5+ 60. Ke4 Re3+ 61. Kf5 Rf3+ 62. Ke5 Bg3+ 63. Kd5 Kg6 64.
Ra4 Rf6 65. Ra8 Bf4 66. Ke4 Re6+ 67. Kd5 Re1 68. Ra6+ Kf7 69. Ra7+ Ke8 70. Ra6
Re5+ 71. Kd4 Kd7 72. Rh6 Re6 73. Rh7+ Kd6 74. Rf7 Re1 75. Rf6+ Ke7 76. Ra6 Rg1
77. Ra7+ Kd6 78. Ra6+ Kc7 0-1

[Event "Elit(Stockholms SS-Kungstornet)"]
[Site "?"]
[Date "2023.01.21"]
[Round "4"]
[White "von Bahr, Oskar"]
[Black "Thorn, Eric"]
[Result "1-0"]
[WhiteElo "2384"]
[BlackElo "2402"]
[PlyCount "133"]
[SourceVersionDate "2023.02.08"]

1. e4 e5 2. Nf3 Nc6 3. Bb5 a6 4. Ba4 Nf6 5. O-O Be7 6. Re1 b5 7. Bb3 O-O 8. c3
d6 9. h3 Bb7 10. d3 Re8 11. Nbd2 Bf8 12. Nf1 d5 13. Bg5 dxe4 14. dxe4 Qxd1 15.
Raxd1 Na5 16. Bxf6 gxf6 17. Ng3 Nxb3 18. axb3 Bc8 19. Nh2 Be6 20. Ng4 Be7 21.
Nh5 Red8 22. Ngxf6+ Bxf6 23. Nxf6+ Kg7 24. Nd5 c6 25. Ne7 Rxd1 26. Rxd1 Bxb3
27. Rd6 c5 28. Nf5+ Kf8 29. Rc6 b4 30. Rxc5 bxc3 31. Rxc3 Be6 32. Ne3 Ke7 33.
Rc5 Rb8 34. Ra5 Rb6 35. f3 f6 36. Kh2 Kd8 37. Kg3 Kc7 38. Ng4 Bxg4 39. Kxg4 Kb7
40. Ra2 Kc6 41. Kf5 Kb5 42. g3 Kc4 43. f4 Kb3 44. Ra5 Kxb2 45. fxe5 fxe5 46.
Kxe5 Rg6 47. Kf4 Kc3 48. e5 Kb4 49. Ra1 Kc5 50. g4 Kb6 51. Kf5 Kc7 52. Rd1 Rg8
53. Kf6 Rf8+ 54. Ke7 Rf3 55. h4 Rf4 56. Rc1+ Kb7 57. Rg1 a5 58. h5 h6 59. e6 a4
60. g5 hxg5 61. Kd6 Rd4+ 62. Ke5 Rd2 63. h6 Kc7 64. Rh1 Rd8 65. h7 Rh8 66. Kf6
Kd6 67. Rd1+ 1-0

[Event "Elit(Stockholms SS-Kungstornet)"]
[Site "?"]
[Date "2023.01.21"]
[Round "4"]
[White "Ertan, Can"]
[Black "Eriksson, Johan"]
[Result "1-0"]
[WhiteElo "2352"]
[BlackElo "2397"]
[PlyCount "123"]
[SourceVersionDate "2023.02.08"]

1. e4 c5 2. Nf3 d6 3. c3 Nf6 4. Qc2 Qc7 5. Bc4 e6 6. d4 Nbd7 7. Nbd2 cxd4 8.
cxd4 d5 9. exd5 exd5 10. Bd3 Qxc2 11. Bxc2 Bd6 12. O-O O-O 13. Re1 Re8 14.
Rxe8+ Nxe8 15. Nf1 Nb8 16. Ne3 Nc7 17. Nf5 Bxf5 18. Bxf5 Nc6 19. Bd2 Rd8 20.
Re1 Nb5 21. Bg5 Rb8 22. Be3 Rd8 23. Bc2 Bc7 24. Ba4 a6 25. Rd1 h6 26. Kf1 Bb6
27. Rd3 Na5 28. Bd2 Nc4 29. Bc1 Rc8 30. Ke2 Ncd6 31. Be3 Kf8 32. Rb3 Rc4 33.
Bxb5 Nxb5 34. Ne5 Rc7 35. Kd3 Ba5 36. Bf4 Ke8 37. a4 Nd6 38. Ng4 Kd7 39. Ne3
Ke6 40. Bxd6 Kxd6 41. Nf5+ Kc6 42. Nxg7 Re7 43. Nf5 Re6 44. Ne3 Rf6 45. Ng4 Rf4
46. f3 h5 47. Ke3 Rf5 48. Ne5+ Kc7 49. Nd3 h4 50. Nc5 Bb6 51. Nxb7 Rg5 52. a5
Ba7 53. g4 hxg3 54. hxg3 Rxg3 55. Nc5 Bxc5 56. dxc5 Rg2 57. Rb6 Rc2 58. Kd4
Rd2+ 59. Kc3 Rf2 60. Rf6 d4+ 61. Kxd4 Rxb2 62. Rxf7+ 1-0

[Event "Elit(Wasa-Stockholms SS)"]
[Site "?"]
[Date "2023.01.20"]
[Round "6"]
[White "Lokander, Martin"]
[Black "Amin, Bassem"]
[Result "1/2-1/2"]
[WhiteElo "2443"]
[BlackElo "2684"]
[PlyCount "67"]
[SourceVersionDate "2023.02.07"]

1. d4 Nf6 2. c4 g6 3. Nc3 Bg7 4. e4 d6 5. f4 O-O 6. Nf3 e5 7. fxe5 dxe5 8. d5
a5 9. Bd3 Na6 10. O-O Qe7 11. Bg5 Nb4 12. a3 Nxd3 13. Qxd3 h6 14. Bh4 g5 15.
Be1 Nd7 16. Bf2 a4 17. Rad1 Ra6 18. Ne1 Nc5 19. d6 cxd6 20. Bxc5 dxc5 21. Nc2
f5 22. exf5 e4 23. Qd5+ Qf7 24. Nxe4 Qxd5 25. Rxd5 Bxb2 26. Nxc5 Rc6 27. Nxa4
Rxc4 28. Nxb2 Rxc2 29. Nd3 b6 30. Rd6 Rd2 31. Rf2 Rd1+ 32. Rf1 Rd2 33. Rf2 Rd1+
34. Rf1 1/2-1/2

[Event "Elit(Wasa-Stockholms SS)"]
[Site "?"]
[Date "2023.01.20"]
[Round "6"]
[White "Berg, Emanuel"]
[Black "Hauge, Lars Oskar"]
[Result "0-1"]
[WhiteElo "2506"]
[BlackElo "2512"]
[PlyCount "90"]
[SourceVersionDate "2023.02.07"]

1. e4 e5 2. Nf3 Nc6 3. d4 exd4 4. Nxd4 Bb4+ 5. c3 Bc5 6. Be3 Bb6 7. Bb5 Nge7 8.
O-O O-O 9. Re1 d5 10. Bxc6 Nxc6 11. Nxc6 bxc6 12. Nd2 Re8 13. Qa4 Bd7 14. Rad1
Qh4 15. c4 Bxe3 16. Rxe3 dxe4 17. c5 f5 18. Nxe4 Be6 19. Nc3 Qxa4 20. Nxa4 Bxa2
21. Rd7 f4 22. Rxe8+ Rxe8 23. f3 Bc4 24. h4 Re1+ 25. Kh2 Re2 26. Rxc7 Rc2 27.
Kh3 h5 28. Rxc6 Bb5 29. Rc8+ Kh7 30. Rc7 Bxa4 31. Rxa7 Bb5 32. Rf7 Bf1 33. Rxf4
Rxg2 34. Re4 Rxb2+ 35. Kg3 Rc2 36. Re5 Kh6 37. Re6+ g6 38. Rc6 Rc3 39. Kf2 Bc4
40. f4 Kg7 41. Rd6 Bb5 42. Rb6 Rxc5 43. Ke3 Be8 44. Kd4 Rc6 45. Rb8 Bf7 0-1

[Event "Elit(Eksjo-Helsingborg)"]
[Site "?"]
[Date "2023.01.20"]
[Round "6"]
[White "Nilsson, Anders"]
[Black "Krantz, Christopher"]
[Result "0-1"]
[WhiteElo "2224"]
[BlackElo "2241"]
[PlyCount "202"]
[SourceVersionDate "2023.02.06"]

1. d4 d5 2. Bf4 c5 3. e3 Nc6 4. Nf3 cxd4 5. exd4 Bf5 6. c3 e6 7. Bd3 Bxd3 8.
Qxd3 Bd6 9. Bg3 Nge7 10. Nbd2 h6 11. O-O Bxg3 12. hxg3 O-O 13. Rfe1 Qc7 14. Nf1
Ng6 15. Ne3 Rad8 16. Ng4 Rfe8 17. Re2 a6 18. Rae1 b5 19. Qd2 Qd6 20. a3 Na5 21.
Nfe5 Nxe5 22. Nxe5 Nc4 23. Qd3 a5 24. Kh2 Nxe5 25. Rxe5 b4 26. axb4 axb4 27. f4
bxc3 28. bxc3 Qc6 29. f5 exf5 30. Rxe8+ Rxe8 31. Rxe8+ Qxe8 32. Qxf5 Qe6 33.
Qf4 Kh7 34. g4 g5 35. Qf3 Kg6 36. Qd3+ f5 37. c4 dxc4 38. gxf5+ Kf6 39. Qa3 Qd5
40. Qh3 Qd6+ 41. Kh1 Qxd4 42. Qxh6+ Kxf5 43. Qh7+ Kf4 44. Qf7+ Ke3 45. Qe7+ Kf2
46. Qf8+ Qf4 47. Qc5+ Kf1 48. Qg1+ Ke2 49. Qc5 g4 50. Qe7+ Kf2 51. Qc5+ Kf1 52.
Qb6 Qe4 53. Qf6+ Ke1 54. Qa1+ Kd2 55. Qb2+ Ke3 56. Qc3+ Qd3 57. Qe5+ Kd2 58.
Qb2+ Ke1 59. Qc1+ Ke2 60. Qb2+ Kd1 61. Qa1+ Kc2 62. Qa2+ Kc3 63. Qa3+ Kd4 64.
Qd6+ Ke3 65. Qe5+ Qe4 66. Qc3+ Ke2 67. Qb2+ Ke3 68. Qc3+ Kf4 69. Qf6+ Kg3 70.
Qc3+ Kf2 71. Qd2+ Kf1 72. Qc1+ Qe1 73. Qf4+ Ke2+ 74. Kh2 Qh4+ 75. Kg1 Qe1+ 76.
Kh2 g3+ 77. Kh3 Qc3 78. Qe4+ Kd2 79. Qf4+ Kc2 80. Qf5+ Qd3 81. Qb5 c3 82. Qa4+
Kc1 83. Qa1+ Kd2 84. Qa5 Kd1 85. Qh5+ Ke1 86. Qe5+ Kd2 87. Qa5 Qe3 88. Qb4 Ke2
89. Qb5+ Ke1 90. Qb1+ Kf2 91. Qf5+ Ke1 92. Qb1+ Kd2 93. Qb4 Qe5 94. Kg4 Kd3 95.
Qb3 Ke3 96. Kh3 Qf5+ 97. Kxg3 Qg5+ 98. Kh3 Qh5+ 99. Kg3 Qg6+ 100. Kh3 Kf2 101.
g4 Qh6# 0-1

[Event "Elit(Wasa-Stockholms SS)"]
[Site "?"]
[Date "2023.01.20"]
[Round "6"]
[White "Thorn, Eric"]
[Black "Meshkovs, Nikita"]
[Result "0-1"]
[WhiteElo "2402"]
[BlackElo "2576"]
[PlyCount "80"]
[SourceVersionDate "2023.02.07"]

1. c4 Nf6 2. Nc3 e6 3. Nf3 d5 4. d4 a6 5. e3 Nbd7 6. b3 b6 7. Bd3 Bb7 8. O-O
Bd6 9. Bb2 O-O 10. Qc2 Qe7 11. e4 dxe4 12. Nxe4 Ba3 13. Rfe1 Bxb2 14. Qxb2 Rfd8
15. Qc2 c5 16. d5 Nxe4 17. Bxe4 Nf6 18. Bf5 g6 19. Bh3 Nh5 20. dxe6 f5 21. Ne5
Nf4 22. Bxf5 gxf5 23. Qxf5 Qg7 24. g3 Rf8 25. Nf7 Nxe6 26. Qxe6 Rxf7 27. Rad1
Raf8 28. Rd7 Bc8 29. Rxf7 Qxf7 30. Qe3 Qf6 31. f4 Rd8 32. Kf2 Bg4 33. Kg1 Kf7
34. Qe4 Qd4+ 35. Qxd4 cxd4 36. h3 Bxh3 37. Rd1 Bg4 38. Rd2 Kf6 39. Kf2 Kf5 40.
b4 Ke4 0-1

[Event "Elit(Wasa-Stockholms SS)"]
[Site "?"]
[Date "2023.01.20"]
[Round "6"]
[White "Cramling, Pia"]
[Black "Ertan, Can"]
[Result "0-1"]
[WhiteElo "2458"]
[BlackElo "2352"]
[PlyCount "60"]
[SourceVersionDate "2023.02.07"]

1. d4 Nf6 2. Nf3 e6 3. c4 b6 4. g3 Ba6 5. b3 Bb4+ 6. Bd2 Be7 7. Bg2 d5 8. cxd5
exd5 9. O-O O-O 10. Nc3 Re8 11. Rc1 Ba3 12. Rb1 Nc6 13. Bg5 h6 14. Bxf6 Qxf6
15. b4 Bc4 16. b5 Bb4 17. Qc2 Bxc3 18. Qxc3 Na5 19. Ne5 c5 20. bxc6 Bxa2 21.
Rb2 Bc4 22. Rc1 Rac8 23. Nxc4 Nxc4 24. Ra2 Qxc6 25. Rxa7 Rxe2 26. Bh3 Qf6 27.
Rf1 Rce8 28. Bd7 R8e4 29. Bb5 Rxd4 30. Qb4 Rd1 0-1

[Event "Elit(Wasa-Stockholms SS)"]
[Site "?"]
[Date "2023.01.20"]
[Round "6"]
[White "Olund, Joar"]
[Black "Engqvist, Thomas"]
[Result "0-1"]
[WhiteElo "2406"]
[BlackElo "2345"]
[PlyCount "112"]
[SourceVersionDate "2023.02.07"]

1. d4 Nf6 2. Bg5 e6 3. e4 h6 4. Bxf6 Qxf6 5. c3 d6 6. Bd3 Qg5 7. Nf3 Qxg2 8.
Rg1 Qh3 9. Nbd2 g5 10. Nf1 g4 11. Rg3 Qh5 12. N3d2 Rg8 13. h3 f5 14. exf5 exf5
15. hxg4 fxg4 16. Qe2+ Kd8 17. O-O-O d5 18. Rg1 Bd6 19. Re1 c6 20. c4 Qg5 21.
Kb1 Bd7 22. Qd1 Na6 23. a3 Qf4 24. c5 Be7 25. Nb3 Nc7 26. Ng3 b6 27. Qc2 Rf8
28. Rgf1 Rb8 29. Nh5 Qg5 30. Ng3 Qf4 31. Nh5 Qf7 32. Ng3 Bg5 33. cxb6 axb6 34.
a4 Be7 35. a5 bxa5 36. Nxa5 Rb6 37. Nb3 Bd6 38. Nc5 Nb5 39. Qd2 Bc8 40. Qxh6
Qf6 41. Ne6+ Bxe6 42. Rxe6 Qxh6 43. Rxh6 Bf4 44. Rg6 Nxd4 45. Rxg4 Nf3 46. Rd1
Be5 47. Ra4 Rxb2+ 48. Kc1 Kc7 49. Rh1 Rxf2 50. Nf5 Bf6 51. Rh7+ Kb6 52. Bc2
Bg5+ 53. Kb1 Nd2+ 54. Kb2 Nc4+ 55. Kb3 R8xf5 56. Bxf5 Rb2+ 0-1

[Event "Elit(Wasa-Stockholms SS)"]
[Site "?"]
[Date "2023.01.20"]
[Round "6"]
[White "Bellon Lopez, Juan"]
[Black "Tuomainen, Felix"]
[Result "1/2-1/2"]
[WhiteElo "2314"]
[BlackElo "2232"]
[PlyCount "113"]
[SourceVersionDate "2023.02.07"]

1. d4 d5 2. Bf4 Nf6 3. e3 e6 4. Nd2 Bd6 5. Bg3 O-O 6. Ngf3 b6 7. a4 c5 8. c3
Qc7 9. a5 cxd4 10. Bxd6 Qxd6 11. exd4 bxa5 12. Bd3 Ba6 13. Nb3 Nbd7 14. Bxa6
Qxa6 15. Rxa5 Qb6 16. Ra3 a5 17. O-O a4 18. Qa1 Rab8 19. Nbd2 Qxb2 20. Rxa4
Rfc8 21. Ra3 h6 22. h3 Ne4 23. Nxe4 dxe4 24. Ne5 Nxe5 25. dxe5 Qxa1 26. Rfxa1
Rc5 27. Re1 Rbc8 28. Rxe4 Rxc3 29. Ra7 R3c7 30. Raa4 Rc1+ 31. Kh2 R1c2 32. Kg3
R2c3+ 33. f3 Rc2 34. h4 Rd2 35. Rf4 Re2 36. Ra7 Rf8 37. Ra5 g6 38. Kh3 Rd8 39.
Ra7 Rf8 40. Ra5 Rd8 41. h5 gxh5 42. Rf6 Rd7 43. Rxh6 Rdd2 44. Rf6 Rd7 45. g3
Kg7 46. Rf4 Kg6 47. Rc5 Kg7 48. Ra4 Kg6 49. Rf4 Kg7 50. Rh4 Kg6 51. g4 hxg4+
52. Rxg4+ Kf5 53. Kg3 Rdd2 54. Rf4+ Kg5 55. Rg4+ Kf5 56. Rf4+ Kg5 57. Rg4+
1/2-1/2

[Event "Elit(Wasa-Stockholms SS)"]
[Site "?"]
[Date "2023.01.20"]
[Round "6"]
[White "Renman, Nils-Gustaf"]
[Black "Cramling, Dan"]
[Result "0-1"]
[WhiteElo "2340"]
[BlackElo "2293"]
[PlyCount "67"]
[SourceVersionDate "2023.02.07"]

1. d4 Nf6 2. c4 c5 3. d5 b5 4. cxb5 a6 5. bxa6 g6 6. Nc3 Bg7 7. e4 O-O 8. Nf3
Qa5 9. Bd2 Bxa6 10. Be2 Qb4 11. Ng5 Qxb2 12. Rb1 Bxe2 13. Qxe2 Qa3 14. e5 Ne8
15. O-O f6 16. Nf3 fxe5 17. Nxe5 Nd6 18. Rfe1 Qa6 19. Qg4 Nf5 20. h4 d6 21. Nc4
Nd7 22. Nb5 Qxa2 23. Qe2 Ne5 24. Nxe5 Bxe5 25. h5 Rf7 26. hxg6 hxg6 27. Nc7
Raf8 28. Rbd1 Bd4 29. Rf1 Qc2 30. Ne6 Ng3 31. Qg4 Rxf2 32. Nxd4 Rxf1+ 33. Kh2
cxd4 34. Qxg3 0-1

[Event "Elit(Wasa-Stockholms SS)"]
[Site "?"]
[Date "2023.01.20"]
[Round "6"]
[White "Ostlund, Joar"]
[Black "Cederstam, Carl"]
[Result "0-1"]
[WhiteElo "2234"]
[BlackElo "2271"]
[PlyCount "110"]
[SourceVersionDate "2023.02.07"]

1. d4 d5 2. c4 e6 3. Nc3 h6 4. Nf3 Nf6 5. Bf4 Bd6 6. Bxd6 Qxd6 7. e3 O-O 8. Qc2
b6 9. cxd5 exd5 10. Bd3 c5 11. dxc5 bxc5 12. O-O Bg4 13. Nh4 Nc6 14. Bf5 Rab8
15. h3 Bxf5 16. Nxf5 Qe5 17. a3 Rfc8 18. Rad1 g6 19. Nxh6+ Kg7 20. Ng4 Nxg4 21.
hxg4 Rh8 22. f4 Qxe3+ 23. Qf2 d4 24. Na4 Rh4 25. Qxe3 dxe3 26. Rde1 Re8 27. Rf3
e2 28. Nxc5 Nd4 29. Rf2 Reh8 30. Rfxe2 Nxe2+ 31. Rxe2 Rxg4 32. Nd3 Rg3 33. Ne5
Re8 34. Rc2 Re7 35. Kf2 Rb3 36. Nc4 Rc7 37. Ke2 Kf6 38. Kd2 Rg3 39. Ke1 Rg4 40.
b3 Rxf4 41. Rd2 Kg5 42. Rd3 Re7+ 43. Ne3 Ree4 44. Ke2 Rg4 45. Kf2 Ref4+ 46. Kg1
Rd4 47. Rc3 Rge4 48. Kf2 f5 49. g3 Rd2+ 50. Kf3 Red4 51. Rc1 R2d3 52. Kf2 Rxb3
53. Nc4 Rdd3 54. Ne5 Rdc3 55. Rd1 Rc2+ 0-1